Statistiques concernant Culture Générale - Série 1895

Cliquez ici pour prendre le quiz!

Statistiques générales

  • Ce quiz a été pris 61 fois
  • Le résultat moyen est 3 sur 10

Statistiques - réponses

QuestionRéponse% Correct
Dans quel pays se trouve la ville de Lucerne ?Suisse
79%
Quel arbre africain dont on utilise les noix est appelé "arbre à beurre" ?karité
48%
Sous quel nom connait-on mieux Charles de Secondat, baron de la Brède ? voir photoMontesquieu
41%
Quel animal marin est l'arénicole ?ver
27%
Par quel adjectif désigne-t-on une personne qui a renié la foi chrétienne ?apostat
18%
De quelle nationalité était l'explorateur Vitus Béring, qui donna son nom au détroit séparant les Etats Unis de la Russie ?danoise
16%
Quel mot désigne en même temps une bière belge,une prostituée et une masse de fonte sortant d'un haut fourneau ?gueuse
16%
Dans quel pays se trouve Le cap Ténare, aussi connu sous le nom de cap Matapan ?Grèce
9%
Quel poisson marin est appelé "elbot" en Belgique ?fletan
5%
Quel terme arabe utilisé surtout au Moyen Âge désignait la garantie donnée à un adversaire qui se soumettait d'avoir la vie sauve, d'être pardonné ?aman
2%

Distribution des résultats

Percentile par nombre de réponses

% des personnes avec chaque résultat

Votre développement - résultats

Vous n’avez pas pris ce quiz